Titre des chansons de L'EP "my life" de Michou - Statistiques

Statistiques générales
  • Ce quiz a été pris 262 fois
  • Le résultat moyen est 6 sur 7
Statistiques - réponses
titres de L'EP % Correct
Fier
93%
Dans le club
89%
My Life
89%
M2LT
82%
Rockstar
79%
Mode avion
67%
Ma Belle
60%
Aucun quiz correspondant
Distribution des résultats
% des personnes avec chaque résultat
Percentile par nombre de réponses
Votre historique - résultats
Vous n’avez pas pris ce quiz